Statistiques concernant Opus de jeux vidéo #6 - Call of Duty

Cliquez ici pour prendre le quiz!

Statistiques générales

  • Ce quiz a été pris 505 fois
    (456 depuis la dernière actualisation)
  • Le résultat moyen est 22 sur 34

Statistiques - réponses

Année de sortiePlateformeJeu% Correct
2005PS2 / Xbox / GameCube2 - Big Red One
99%
2005PC / Xbox 360 / MobileCall of Duty 2
99%
2006PS2 / PS3 / Xbox 360 / Wii / Mobile3 - En Marche vers Paris
98%
2007PC / PS3 / Xbox 360 / Wii / DS / Mobile4 - Modern Warfare
98%
2019PC / PS4 / Xbox OneModern Warfare
96%
2016PC / PS4 / Xbox OneModern Warfare Remastered
96%
2010PC / PS3 / Xbox 360 / Wii / DSBlack Ops
93%
2012PSVitaBlack Ops - Declassified
93%
2011MobileBlack Ops - Zombies
93%
2003PS2 / N-gage / MobileCall of Duty
90%
2012PC / PS3 / Xbox 360 / Wii UBlack Ops II
86%
2015PC / PS3 / PS4 / Xbox 360 / Xbox OneBlack Ops III
85%
2020PC / PS4 / Xbox OneModern Warfare 2 - Campaign Remastered
81%
2018PC / PS4 / Xbox OneBlack Ops IIII
77%
2013PC / PS3 / PS4 / Xbox 360 / Xbox One / Wii UGhosts
76%
2009PC / PS3 / Xbox 360Modern Warfare 2
71%
2020PC / PS4 / PS5 / Xbox One / Xbox SeriesBlack Ops - Cold War
69%
2011PC / PS3 / Xbox 360 / Wii / DSModern Warfare 3
69%
2014PC / PS3 / PS4 / Xbox 360 / Xbox OneAdvanced Warfare
67%
2019MobileMobile
67%
2020PC / PS4 / Xbox OneWarzone
66%
2017PC / PS4 / Xbox OneWWII
66%
2021PC / PS4 / PS5 / Xbox One / Xbox SeriesVanguard
62%
2016PC / PS4 / Xbox OneInfinite Warfare
61%
2008PC / PS3 / Xbox 360 / Wii / DS / MobileWorld at War
59%
2008PS2World at War - Final Fronts
59%
2009MobileWorld at War - Zombies
59%
2004PS2 / Xbox 360 / GameCubeLe Jour de Gloire
6%
2015PCOnline
6%
2004PCLa Grande Offensive
3%
2007PSPLes Chemins de la Victoire
3%
2018MobileGlobal Operations
2%
2014MobileHeroes
2%
2013MobileStrike Team
2%

Distribution des résultats

Percentile par nombre de réponses

% des personnes avec chaque résultat

Votre développement - résultats

Vous n’avez pas pris ce quiz depuis la dernière actualisation